ბათუმის შოთა რუსთაველის სახელმწიფო უნივერსიტეტის ბიბლიოთეკა

რჩეული თხზულებანი ორ ტომად. ტ.1.მოთხრობები (ბიბ.ჩანაწერი № 42836)

000 -LEADER
fixed length control field 00982nam a2200229Ia 4500
001 - CONTROL NUMBER
control field 9542
003 - CONTROL NUMBER IDENTIFIER
control field GE_BSU
008 - FIXED-LENGTH DATA ELEMENTS--GENERAL INFORMATION
fixed length control field 181216s||||||||xx |||||||||||||| ||und||
040 ## - CATALOGING SOURCE
Transcribing agency GE_BSU
080 ## - UNIVERSAL DECIMAL CLASSIFICATION NUMBER
Universal Decimal Classification number 821.353.1+821.353.1-32
100 ## - MAIN ENTRY--PERSONAL NAME
Personal name მრელაშვილი,ლადო
245 ## - TITLE STATEMENT
Title რჩეული თხზულებანი ორ ტომად. ტ.1.მოთხრობები
245 ## - TITLE STATEMENT
Remainder of title იყალთოელი ბიჭები,სამი ღამის თავგადასავალი
245 ## - TITLE STATEMENT
Statement of responsibility, etc. რედ.მიმოზა ძიძიგური. მხატვ.მ.ღლონტი
260 ## - PUBLICATION, DISTRIBUTION, ETC.
Place of publication, distribution, etc. თბილისი
260 ## - PUBLICATION, DISTRIBUTION, ETC.
Name of publisher, distributor, etc. მერანი
260 ## - PUBLICATION, DISTRIBUTION, ETC.
Date of publication, distribution, etc. 1990
300 ## - PHYSICAL DESCRIPTION
Extent 640გვ.20სმ.
653 ## - INDEX TERM--UNCONTROLLED
Uncontrolled term იყალთოელი ბიჭები,სამი ღამის თავგადასავალი
653 ## - INDEX TERM--UNCONTROLLED
Uncontrolled term რჩეული თხზულებანი
942 ## - ADDED ENTRY ELEMENTS (KOHA)
Koha item type წიგნი
ეგზემპლარები
Withdrawn status Lost status Damaged status Not for loan Date acquired Barcode Date last seen Price effective from Koha item type
        2018-12-17 32524 2018-12-17 2018-12-17 წიგნი
        2018-12-17 32525 2018-12-17 2018-12-17 წიგნი
        2018-12-17 32526 2018-12-17 2018-12-17 წიგნი
        2018-12-17 32527 2018-12-17 2018-12-17 წიგნი
        2018-12-17 32528 2018-12-17 2018-12-17 წიგნი